Central Library and Information Centre
Sibsagar Girls' College, Sivasagar : Assam

AN INTRODUCTION TO ASTROPHYSICS (Record no. 18984)

MARC details
000 -LEADER
fixed length control field 00518cam a2200205ua 4500
008 - FIXED-LENGTH DATA ELEMENTS--GENERAL INFORMATION
fixed length control field 130223n2012 II |||gr||||Z||||||eng
040 ## - CATALOGING SOURCE
Original cataloging agency MAIN
041 ## - LANGUAGE CODE
-- English
082 ## - DEWEY DECIMAL CLASSIFICATION NUMBER
Classification number 532.01 BAS
100 ## - MAIN ENTRY--PERSONAL NAME
Personal name BASU, BAIDANATH.
245 ## - TITLE STATEMENT
Title AN INTRODUCTION TO ASTROPHYSICS
250 ## - EDITION STATEMENT
Edition statement 2ND.
260 ## - PUBLICATION, DISTRIBUTION, ETC.
Place of publication, distribution, etc. NEW DELHI
Name of publisher, distributor, etc. PHI LEARNING AND PRIVATE LIMITED
Date of publication, distribution, etc. 2012
300 ## - PHYSICAL DESCRIPTION
Extent 582:
Dimensions 24CM.
700 ## - ADDED ENTRY--PERSONAL NAME
Personal name CHATTOPADHYAY, TANUKA.
700 ## - ADDED ENTRY--PERSONAL NAME
Personal name BISWAS, SUDHNDRA NATH.
942 ## - ADDED ENTRY ELEMENTS (KOHA)
Koha item type Books
653 ## - INDEX TERM--UNCONTROLLED
Uncontrolled term Astrophysics
Holdings
Withdrawn status Lost status Damaged status Not for loan Collection code Home library Current library Shelving location Date acquired Full call number Barcode Date last seen Copy number Price effective from Koha item type Public note
        TBMAT Central Library and Information Centre Sibsagar Girls College Central Library and Information Centre Sibsagar Girls College MATHEMATICS BOOK RACK 21.01.2013 532.01 BAS 28619 27.02.2020 1 27.02.2020 Books V
        TBPHY Central Library and Information Centre Sibsagar Girls College Central Library and Information Centre Sibsagar Girls College PHYSICS BOOK RACK 21.01.2013 532.01 BAS 28620 27.02.2020 2 27.02.2020 Books V
        TBPHY Central Library and Information Centre Sibsagar Girls College Central Library and Information Centre Sibsagar Girls College PHYSICS BOOK RACK 21.01.2013 532.01 BAS 28621 27.02.2020 3 27.02.2020 Books V


Sibsagar Girl's College © 2020. All rights reserved.
Powered by Koha.
Maintained by Abhijit Borpuzari.